L'Échiquier industriel

Gardado en:
Detalles Bibliográficos
Autor Principal: Chevalier, Jean- Marie
Formato: Libro
Idioma:Undetermined
Publicado: Paris Hachette 1980
Những chủ đề:
Các nhãn: Engadir etiqueta
Sen Etiquetas, Sexa o primeiro en etiquetar este rexistro!
Thư viện lưu trữ: Trung tâm Học liệu Trường Đại học Cần Thơ
LEADER 00506nam a2200193Ia 4500
001 CTU_80452
008 210402s9999 xx 000 0 und d
082 |a 338.4 
082 |b C527 
100 |a Chevalier, Jean- Marie 
245 0 |a L'Échiquier industriel 
245 0 |c Jean- Marie Chevalier 
260 |a Paris 
260 |b Hachette 
260 |c 1980 
650 |a Corporations,Industries 
650 |z France 
904 |i Trọng Hải 
980 |a Trung tâm Học liệu Trường Đại học Cần Thơ